[Event "19e tournoi d'automne"]
[Site "Montigny le Bretonneux"]
[Date "2021.10.24"]
[Round "2.12"]
[White "Mimoune, Kenzi"]
[Black "Marival, Fred"]
[Result "0-1"]
[WhiteElo "1588"]
[BlackElo "1420"]
[Annotator "Rivier,Sylvain"]
[PlyCount "102"]
[EventDate "2021.??.??"]

{Défense sicilienne, variante Najdorf} 1. e4 c5 2. Nf3 d6 3. d4 cxd4 4. Nxd4
Nf6 5. Nc3 a6 6. Be3 Ng4 7. Bc4 Nxe3 8. fxe3 e6 9. O-O Qc7 10. Bb3 Nc6 11. Qf3
Ne5 12. Qf2 Be7 13. a4 O-O 14. a5 Bd7 15. Qg3 Rac8 16. Kh1 Qd8 17. Qf2 Nc4 18.
Bxc4 Rxc4 19. Rfd1 Rc5 20. Nb3 Rh5 21. Qf3 Rh6 22. e5 Bc6 23. e4 Qc7 24. Qg3
dxe5 25. Rd2 Rg6 26. Qe1 Bg5 27. Rd3 Rh6 28. Rad1 Bf4 29. g3 Bg5 30. Kg1 Be7
31. Qe2 Qb8 32. Rf1 Qa7+ 33. Kh1 f5 34. Rdf3 Bb4 35. Nd2 Bxa5 36. Nb3 Bxc3 37.
bxc3 Bxe4 38. Qxe4 Qb8 39. Qc4 b5 40. Qb4 Qa8 41. Kg1 e4 42. Rf4 g5 43. R4f2
Rg6 44. Nc5 e3 45. Re2 f4 46. Qe4 Qc8 47. Nd3 Rg7 48. gxf4 gxf4+ 49. Kh1 Qxc3
50. Qxe6+ Kh8 51. Qe5 Qc6+ 0-1

[Event "19e tournoi d'automne"]
[Site "Montigny le Bretonneux"]
[Date "2021.10.24"]
[Round "2.13"]
[White "Sbai, Adam"]
[Black "Couradin, Jean-Marie"]
[Result "0-1"]
[WhiteElo "1199"]
[BlackElo "1581"]
[Annotator "Rivier,Sylvain"]
[PlyCount "60"]
[EventDate "2021.??.??"]

{Partie du pion dame} 1. d4 Nf6 2. Bf4 d5 3. e3 c5 4. c3 Nc6 5. Nd2 cxd4 6.
cxd4 Bf5 7. Ngf3 e6 8. Ne5 Bd6 9. Bb5 Rc8 10. Rc1 Bxe5 11. Bxe5 O-O 12. Qf3
Nxe5 13. dxe5 Rxc1+ 14. Ke2 Bg4 15. Qxg4 Nxg4 16. Rxc1 Nxe5 17. f4 Ng4 18. h3
Nf6 19. g4 Qb6 20. a4 a6 21. g5 Nh5 22. Bd3 f5 23. b3 Ng3+ 24. Kf3 Ne4 25. Nb1
Qxb3 26. Bxe4 dxe4+ 27. Kg3 Qxe3+ 28. Kh4 Qxf4+ 29. Kh5 g6+ 30. Kh6 Qh4# 0-1

[Event "19e tournoi d'automne"]
[Site "Montigny le Bretonneux"]
[Date "2021.10.24"]
[Round "2.14"]
[White "Kunne, Ronald"]
[Black "Rafalimanana, Hary"]
[Result "1-0"]
[WhiteElo "1561"]
[BlackElo "1238"]
[Annotator "Rivier,Sylvain"]
[PlyCount "93"]
[EventDate "2021.??.??"]

{Début Ponziani} 1. e4 Nf6 2. d3 Nc6 3. Nf3 e5 4. c4 Bc5 5. Be2 h6 6. Nc3 d6 7.
O-O Bd7 8. a3 a6 9. b4 Ba7 10. Be3 Nd4 11. Bxd4 exd4 12. Nb1 O-O 13. Nbd2 Ng4
14. h3 Ne5 15. Nxe5 dxe5 16. Bg4 f5 17. Bxf5 Bxf5 18. exf5 Rxf5 19. Ne4 Qe7 20.
Qe2 Raf8 21. Rab1 Qe8 22. b5 Qg6 23. Qg4 Qe8 24. a4 h5 25. Qe2 Qg6 26. Kh1 h4
27. Qg4 Qh6 28. c5 Rf4 29. Qe2 g5 30. f3 a5 31. Qd2 b6 32. c6 Qg6 33. Qe2 R4f5
34. Rbe1 Qf7 35. Qc2 g4 36. hxg4 Rf4 37. Qe2 h3 38. Ng5 hxg2+ 39. Kxg2 Qf6 40.
Qa2+ Kg7 41. Ne6+ Kg6 42. Nxf8+ Qxf8 43. Qe6+ Rf6 44. Qxe5 Qb4 45. Qh5+ Kg7 46.
Qg5+ Kf7 47. Rh1 1-0

[Event "19e tournoi d'automne"]
[Site "Montigny le Bretonneux"]
[Date "2021.10.25"]
[Round "3.1"]
[White "Forissier, Nicolas"]
[Black "Fruchard, Cyrille"]
[Result "0-1"]
[WhiteElo "1918"]
[BlackElo "2278"]
[Annotator "Rivier,Sylvain"]
[PlyCount "76"]
[EventDate "2021.??.??"]

{Gambit dame, défense semi-slave} 1. d4 d5 2. c4 e6 3. Nc3 Nf6 4. e3 c6 5. Nf3
Nbd7 6. Bd3 Bd6 7. O-O O-O 8. e4 dxc4 9. Bxc4 e5 10. Bg5 h6 11. Bh4 Qe7 12. d5
Nb6 13. Bb3 cxd5 14. Nxd5 Nbxd5 15. Bxd5 g5 16. Bg3 Nxd5 17. Qxd5 Be6 18. Qd2
Rfd8 19. h4 f6 20. hxg5 hxg5 21. Qe2 Rac8 22. Rfc1 Bc5 23. b3 Kg7 24. Rc2 Bb6
25. Rac1 Rxc2 26. Rxc2 Bg4 27. Rd2 Bxf3 28. gxf3 Bd4 29. Qc4 Qd7 30. Rc2 Qh3
31. Qc7+ Rd7 32. Qc8 Qxg3+ 33. Kf1 Qh3+ 34. Ke2 Qe6 35. Rc7 Qa6+ 36. Kd1 Qf1+
37. Kd2 Be3+ 38. Kc3 Qc1+ 0-1

[Event "19e tournoi d'automne"]
[Site "Montigny le Bretonneux"]
[Date "2021.10.25"]
[Round "3.2"]
[White "Gouanelle, Franck"]
[Black "Gaillard, Michel"]
[Result "1-0"]
[WhiteElo "2029"]
[BlackElo "1883"]
[Annotator "Rivier,Sylvain"]
[PlyCount "105"]
[EventDate "2021.??.??"]

{Ouverture du pion dame} 1. d4 Nf6 2. Bg5 Ne4 3. Bf4 d5 4. e3 e6 5. Nd2 Nxd2 6.
Qxd2 Bd6 7. Bg3 Nd7 8. Nf3 O-O 9. Bd3 f5 10. O-O-O Nf6 11. c4 Ne4 12. Qc2 c6
13. Bxe4 fxe4 14. Bxd6 Qxd6 15. c5 Qe7 16. Ne5 Bd7 17. f4 b6 18. Kb1 bxc5 19.
Qxc5 Qxc5 20. dxc5 Rfd8 21. Rd4 a5 22. Rc1 Be8 23. Rc3 Rdb8 24. Kc2 Kf8 25. b3
Ke7 26. Kb2 Rb4 27. h4 h5 28. Rc1 Rxd4 29. exd4 Kf6 30. Kc3 Kf5 31. Rf1 Rb8 32.
g3 Rb7 33. Rc1 e3 34. Kd3 e2 35. Re1 a4 36. Rxe2 axb3 37. Kc3 bxa2 38. Rxa2 Rb1
39. Ra8 Rg1 40. Rxe8 Rxg3+ 41. Kb4 Rh3 42. Nxc6 Rxh4 43. Nd8 Rh1 44. Rf8+ Ke4
45. Nxe6 h4 46. Kb5 h3 47. Kc6 h2 48. Rh8 g6 49. Kd6 Kf3 50. Kxd5 Kg2 51. c6
Rc1 52. Rxh2+ Kxh2 53. c7 1-0

[Event "19e tournoi d'automne"]
[Site "Montigny le Bretonneux"]
[Date "2021.10.25"]
[Round "3.3"]
[White "Delmont, Jean-Robert"]
[Black "Divies, Renaud"]
[Result "1/2-1/2"]
[WhiteElo "1753"]
[BlackElo "1931"]
[Annotator "Rivier,Sylvain"]
[PlyCount "81"]
[EventDate "2021.??.??"]

{Défense est-indienne, attaque des quatre pions} 1. d4 Nf6 2. c4 c5 3. d5 b5 4.
cxb5 a6 5. Nc3 g6 6. e4 d6 7. f4 Bg7 8. Nf3 O-O 9. a4 e6 10. dxe6 Bxe6 11. Be2
axb5 12. Bxb5 Qb6 13. O-O Ng4 14. Qe2 Nc6 15. Bxc6 Qxc6 16. h3 Bd4+ 17. Nxd4
cxd4 18. Qb5 Qc4 19. hxg4 dxc3 20. Qxc4 Bxc4 21. Rf2 Rfe8 22. bxc3 Rxe4 23. Bd2
Rb8 24. a5 Ba6 25. Ra2 f6 26. Kh2 h6 27. Kg3 Kf7 28. f5 g5 29. Ra1 Rb5 30. Re1
Rxe1 31. Bxe1 Rxa5 32. Rd2 Ke7 33. Bf2 Bc4 34. Bd4 Ra1 35. Rb2 Bd5 36. Re2+ Kf7
37. Rb2 Rd1 38. Re2 Bc4 39. Rb2 Bd5 40. Re2 Bc4 41. Rb2 1/2-1/2

[Event "19e tournoi d'automne"]
[Site "Montigny le Bretonneux"]
[Date "2021.10.25"]
[Round "3.4"]
[White "Roy, Alain"]
[Black "Kvashyna, Tetyana"]
[Result "0-1"]
[WhiteElo "1836"]
[BlackElo "1762"]
[Annotator "Rivier,Sylvain"]
[PlyCount "34"]
[EventDate "2021.??.??"]

{Ouverture anglaise} 1. Nf3 d5 2. c4 e6 3. g3 b6 4. Bg2 Bb7 5. O-O c6 6. d3 Nf6
7. Nbd2 Be7 8. e4 O-O 9. cxd5 cxd5 10. e5 Nfd7 11. d4 Nc6 12. Nb3 Rc8 13. h4
Nb4 14. Kh2 Ba6 15. Rh1 Rc2 16. Bf1 Rxf2+ 17. Kg1 Rxf1+ 0-1

[Event "19e tournoi d'automne"]
[Site "Montigny le Bretonneux"]
[Date "2021.10.25"]
[Round "3.5"]
[White "Flamant, Jacky"]
[Black "Carbonnet, Christophe"]
[Result "1/2-1/2"]
[WhiteElo "1479"]
[BlackElo "1744"]
[Annotator "Rivier,Sylvain"]
[PlyCount "79"]
[EventDate "2021.??.??"]

{Défense sicilienne, attaque Richter-Rauzer} 1. e4 c5 2. Nf3 d6 3. d4 cxd4 4.
Nxd4 Nf6 5. Nc3 Nc6 6. Bg5 e6 7. Bb5 Bd7 8. O-O Be7 9. Qd2 h6 10. Be3 a6 11.
Be2 O-O 12. Rad1 e5 13. Nb3 Ng4 14. Nd5 Nxe3 15. Nxe7+ Nxe7 16. Qxe3 Qc7 17.
Rd2 Be6 18. Rfd1 Rfd8 19. Bf3 b5 20. a3 Rac8 21. Nc1 f5 22. Ne2 fxe4 23. Bxe4
d5 24. Qb3 Qc4 25. Qxc4 bxc4 26. c3 Kf8 27. f4 Bg4 28. Bf3 Bxf3 29. gxf3 exf4
30. Nxf4 Kf7 31. Nxd5 Nxd5 32. Rxd5 Rxd5 33. Rxd5 Rb8 34. Rd2 Kf6 35. Kf2 Rb6
36. Ke3 Re6+ 37. Kd4 Rd6+ 38. Ke3 Re6+ 39. Kd4 Rd6+ 40. Ke3 1/2-1/2

[Event "19e tournoi d'automne"]
[Site "Montigny le Bretonneux"]
[Date "2021.10.25"]
[Round "3.6"]
[White "De Lagontrie, Jean"]
[Black "Kunne, Ronald"]
[Result "1/2-1/2"]
[WhiteElo "1722"]
[BlackElo "1561"]
[Annotator "Rivier,Sylvain"]
[PlyCount "47"]
[EventDate "2021.??.??"]

{Défense française, variante Rubinstein} 1. d4 e6 2. e4 d5 3. Nd2 dxe4 4. Nxe4
Nd7 5. Nf3 Ngf6 6. Bd3 Nxe4 7. Bxe4 Nf6 8. Bg5 c5 9. Bxf6 Qxf6 10. c3 cxd4 11.
Qxd4 Qxd4 12. Nxd4 Be7 13. f4 O-O 14. O-O Bc5 15. Kh1 Bxd4 16. cxd4 Rd8 17.
Rfd1 Rb8 18. Rac1 Rd7 19. Kg1 b6 20. Kf2 Bb7 21. Bxb7 Rdxb7 22. d5 exd5 23.
Rxd5 Kf8 24. Rcd1 1/2-1/2

[Event "19e tournoi d'automne"]
[Site "Montigny le Bretonneux"]
[Date "2021.10.25"]
[Round "3.7"]
[White "Marival, Fred"]
[Black "Romero, Michel"]
[Result "0-1"]
[WhiteElo "1420"]
[BlackElo "1697"]
[Annotator "Rivier,Sylvain"]
[PlyCount "48"]
[EventDate "2021.??.??"]

{Défense sicilienne, variante du dragon} 1. e4 c5 2. Nf3 d6 3. d4 cxd4 4. Nxd4
Nf6 5. Nc3 g6 6. Be3 Bg7 7. Qd2 Ng4 8. Bg5 h6 9. Bh4 Nc6 10. Nde2 Qb6 11. O-O-O
O-O 12. f3 Nf2 13. Na4 Qa6 14. Nec3 Qa5 15. Bxf2 Be6 16. Kb1 Rac8 17. a3 Rb8
18. b4 Nxb4 19. axb4 Qxb4+ 20. Kc1 Qa3+ 21. Kb1 b5 22. Bxa7 bxa4+ 23. Bxb8
Rxb8+ 24. Bb5 Rxb5+ 0-1

[Event "19e tournoi d'automne"]
[Site "Montigny le Bretonneux"]
[Date "2021.10.25"]
[Round "3.8"]
[White "Brisse, Axel"]
[Black "Mimoune, Mehdi"]
[Result "1-0"]
[WhiteElo "1695"]
[BlackElo "1451"]
[Annotator "Rivier,Sylvain"]
[PlyCount "41"]
[EventDate "2021.??.??"]

{Ouverture anglaise variante symétrique} 1. Nf3 c5 2. c4 Nc6 3. e3 Nf6 4. Nc3
g6 5. d4 e6 6. Be2 cxd4 7. exd4 d5 8. O-O Bg7 9. Bg5 a6 10. cxd5 exd5 11. Qb3
Na5 12. Qb4 Be6 13. Na4 h6 14. Bd2 b6 15. Nxb6 Rb8 16. Qa4+ Kf8 17. Bxa5 Rxb6
18. Bxb6 Qxb6 19. Qxa6 Qxb2 20. Rab1 Qc3 21. Rfc1 1-0

[Event "19e tournoi d'automne"]
[Site "Montigny le Bretonneux"]
[Date "2021.10.25"]
[Round "3.9"]
[White "Fayolle, Guy"]
[Black "Weil, Simon"]
[Result "0-1"]
[WhiteElo "1679"]
[BlackElo "1199"]
[Annotator "Rivier,Sylvain"]
[PlyCount "88"]
[EventDate "2021.??.??"]

{Défense Caro-Kann, variante d'avance} 1. e4 c6 2. d4 d5 3. e5 Bf5 4. c4 c5 5.
dxc5 e6 6. b4 Nc6 7. cxd5 Qxd5 8. Qxd5 exd5 9. Bb5 a6 10. Bxc6+ bxc6 11. Nf3 g6
12. Bb2 Bg7 13. O-O Ne7 14. Re1 O-O 15. Nd4 Rfe8 16. Nd2 Bd7 17. f4 g5 18. f5
Bxf5 19. N2f3 h6 20. Nxf5 Nxf5 21. g4 Nh4 22. Nxh4 gxh4 23. Kg2 Re6 24. Re2 f6
25. Kh3 fxe5 26. Kxh4 e4 27. Bxg7 Kxg7 28. Rd1 Kg6 29. a4 Rb8 30. Rd4 Rf6 31.
Rb2 Kf7 32. b5 axb5 33. axb5 Ke6 34. b6 Ke5 35. Rbb4 Kf4 36. Rb3 Rg6 37. h3 Ke5
38. Rbb4 Rf6 39. Rd1 Rf3 40. Rc1 d4 41. Rbb1 Kd5 42. b7 d3 43. Rf1 Rxf1 44.
Rxf1 Rxb7 0-1

[Event "19e tournoi d'automne"]
[Site "Montigny le Bretonneux"]
[Date "2021.10.25"]
[Round "3.10"]
[White "Fellag Ariouet, Ismael"]
[Black "Gazay, Didier"]
[Result "0-1"]
[WhiteElo "1099"]
[BlackElo "1657"]
[Annotator "Rivier,Sylvain"]
[PlyCount "56"]
[EventDate "2021.??.??"]

{Défense française, variante Winaver} 1. e4 e6 2. Nc3 d5 3. d4 Bb4 4. Bb5+ c6
5. Ba4 dxe4 6. f3 exf3 7. gxf3 Qa5 8. b3 Bxc3+ 9. Bd2 Bxd2+ 10. Qxd2 Qxd2+ 11.
Kxd2 b5 12. Bxb5 cxb5 13. h4 Nf6 14. f4 Bb7 15. c4 Bxh1 16. Rf1 O-O 17. Nf3
Bxf3 18. Rxf3 bxc4 19. bxc4 Nc6 20. Rb3 Nxd4 21. Rd3 Rfd8 22. Rg3 Nf5+ 23. Ke2
Nxg3+ 24. Kf3 Nf5 25. Kf2 Rd3 26. Kf1 Rd2 27. c5 Rb8 28. h5 Rb1# 0-1

[Event "19e tournoi d'automne"]
[Site "Montigny le Bretonneux"]
[Date "2021.10.25"]
[Round "3.11"]
[White "Couradin, Jean-Marie"]
[Black "Sbai, Nael"]
[Result "1-0"]
[WhiteElo "1581"]
[BlackElo "1099"]
[Annotator "Rivier,Sylvain"]
[PlyCount "75"]
[EventDate "2021.??.??"]

{Défense des deux cavaliers} 1. e4 Nf6 2. Nc3 e5 3. Nf3 Nc6 4. Bc4 Bc5 5. O-O
b6 6. a3 Bb7 7. b4 Bd4 8. Bb2 d6 9. Qe2 Qe7 10. d3 Bxc3 11. Bxc3 a5 12. b5 Nd8
13. Bd2 h6 14. Nh4 g6 15. f4 h5 16. f5 Ng4 17. Nf3 Qf6 18. Bg5 Qg7 19. Nh4 Rh7
20. fxg6 fxg6 21. h3 Nh6 22. Bf6 Qd7 23. Nxg6 Ne6 24. Rf2 c6 25. bxc6 Bxc6 26.
Raf1 d5 27. Nxe5 Qd6 28. Qxh5+ Kf8 29. Nxc6 Qxc6 30. Bxd5 Qe8 31. Qxe8+ Rxe8
32. Bd4+ Ke7 33. Bxb6 a4 34. Be3 Nc7 35. Bc6 Rc8 36. Bc5+ Ke6 37. Rf6+ Ke5 38.
d4# 1-0

[Event "19e tournoi d'automne"]
[Site "Montigny le Bretonneux"]
[Date "2021.10.25"]
[Round "3.12"]
[White "Cogez, Celine"]
[Black "Duval, Dominique"]
[Result "1/2-1/2"]
[WhiteElo "1320"]
[BlackElo "1695"]
[Annotator "Rivier,Sylvain"]
[PlyCount "104"]
[EventDate "2021.??.??"]

{Défense Pirc} 1. e4 d6 2. d4 Nf6 3. Bd3 c6 4. Nf3 Qa5+ 5. c3 e5 6. O-O Be7 7.
Be3 O-O 8. Nbd2 Qc7 9. Qc2 h6 10. Nc4 b5 11. Ncd2 Ng4 12. a4 Nxe3 13. fxe3 bxa4
14. Qxa4 Nd7 15. b4 c5 16. bxc5 dxc5 17. d5 Bb7 18. Rab1 Nb6 19. Qa2 Bd6 20.
Rf2 Rfb8 21. Rbf1 Rf8 22. Nh4 Bc8 23. Nf5 Bxf5 24. Rxf5 Rac8 25. c4 Nd7 26. Nb3
Ra8 27. Qf2 f6 28. Qg3 a5 29. Rh5 Kh7 30. Qf2 Rf7 31. Rh4 Nf8 32. Qf5+ g6 33.
Qh3 h5 34. Be2 Kg8 35. g4 a4 36. Nc1 Qc8 37. Qf3 hxg4 38. Rxg4 Kg7 39. Qg3 Kg8
40. Rh4 Qc7 41. Kh1 Qe7 42. Rf3 Rg7 43. Qf2 Nd7 44. Rfh3 Kf7 45. Bg4 Rf8 46.
Be6+ Ke8 47. Qb2 Qd8 48. Qb5 Qb8 49. Qxa4 Qb1 50. Qa3 Qc2 51. Rg3 Qd1+ 52. Rg1
Qf3+ 1/2-1/2

[Event "19e tournoi d'automne"]
[Site "Montigny le Bretonneux"]
[Date "2021.10.25"]
[Round "3.13"]
[White "Tanchoux, Pierre"]
[Black "Mimoune, Kenzi"]
[Result "1/2-1/2"]
[WhiteElo "1295"]
[BlackElo "1588"]
[Annotator "Rivier,Sylvain"]
[PlyCount "112"]
[EventDate "2021.??.??"]

{Partie du pion dame} 1. d4 d5 2. Nf3 Bf5 3. e3 Nf6 4. Bd3 Bg4 5. Be2 e6 6. Ne5
Bxe2 7. Qxe2 Nbd7 8. O-O Nxe5 9. dxe5 Nd7 10. f4 Be7 11. Nd2 O-O 12. b3 c5 13.
Bb2 Rc8 14. c4 Nb6 15. Nf3 Qc7 16. cxd5 exd5 17. Rac1 Rfd8 18. Rfd1 Qd7 19. Kh1
Qf5 20. Qc2 Qg4 21. Qf2 Rc6 22. Qg3 Qxg3 23. hxg3 Rg6 24. Kh2 c4 25. Nh4 Rh6
26. Kh3 g5 27. fxg5 Bxg5 28. Bd4 cxb3 29. axb3 Rc6 30. Rf1 Rdc8 31. Rxc6 bxc6
32. Rc1 Be7 33. Nf5 Bf8 34. Nd6 Bxd6 35. exd6 Kf8 36. Bc5 Ke8 37. Rf1 Nd7 38.
Bxa7 c5 39. Rf4 c4 40. bxc4 dxc4 41. Rg4 c3 42. e4 Ne5 43. Rg8+ Kd7 44. Rxc8
Kxc8 45. Bd4 c2 46. Bb2 Nd3 47. Ba3 c1=Q 48. Bxc1 Nxc1 49. Kg4 h5+ 50. Kf5 Ne2
51. Kf6 Kd7 52. e5 Nxg3 53. Kxf7 Nf5 54. Kg6 Nh4+ 55. Kxh5 Nxg2 56. Kg6 Nf4+
1/2-1/2

[Event "19e tournoi d'automne"]
[Site "Montigny le Bretonneux"]
[Date "2021.10.25"]
[Round "3.14"]
[White "Rafalimanana, Hary"]
[Black "Aidan, David"]
[Result "1-0"]
[WhiteElo "1238"]
[BlackElo "1399"]
[Annotator "Rivier,Sylvain"]
[PlyCount "81"]
[EventDate "2021.??.??"]

{Défense hollandaise} 1. d4 d5 2. Nf3 f5 3. Ne5 Nf6 4. Bf4 e6 5. Nd2 Nc6 6.
Ndf3 Ng4 7. Nxc6 bxc6 8. e3 Bd6 9. h3 Nf6 10. Ne5 O-O 11. Nxc6 Qd7 12. Ne5 Qe7
13. Bd3 Qe8 14. g4 Bxe5 15. Bxe5 c6 16. Rg1 g6 17. gxf5 exf5 18. h4 c5 19. c3
c4 20. Bc2 Ng4 21. Bf4 Bd7 22. h5 gxh5 23. f3 Rf6 24. fxg4 hxg4 25. Qf3 Be6 26.
Qh3 Rd8 27. O-O-O Rf7 28. Qh6 Qe7 29. Bg5 Qf8 30. Qxe6 Re8 31. Qxd5 Kh8 32. Bf4
Rd8 33. Qxc4 Rc8 34. Qxf7 Qxf7 35. Bb3 Qe7 36. Be5+ Qxe5 37. dxe5 h5 38. Rd7 a5
39. e6 Kg8 40. e7+ Kg7 41. e8=Q+ 1-0

[Event "19e tournoi d'automne"]
[Site "Montigny le Bretonneux"]
[Date "2021.10.26"]
[Round "4.1"]
[White "Kvashyna, Tetyana"]
[Black "Gouanelle, Franck"]
[Result "0-1"]
[WhiteElo "1762"]
[BlackElo "2029"]
[Annotator "Rivier,Sylvain"]
[PlyCount "154"]
[EventDate "2021.??.??"]

{Partie du pion dame} 1. d4 d5 2. Nf3 Nf6 3. e3 c5 4. b3 Bg4 5. h3 Bxf3 6. Qxf3
cxd4 7. exd4 Nc6 8. c3 e6 9. Bd3 Be7 10. O-O O-O 11. Re1 a6 12. a4 Rc8 13. b4
Nb8 14. Bd2 Re8 15. Na3 Bf8 16. b5 a5 17. Nc2 Nbd7 18. Ne3 Nb6 19. Bc2 g6 20.
Ng4 Nxg4 21. Qxg4 Nc4 22. Bg5 Be7 23. Bc1 Bf6 24. Bd3 b6 25. f4 Nd6 26. Bd2 Bg7
27. Re2 f5 28. Qf3 Ne4 29. Bxe4 dxe4 30. Qf1 Qd5 31. Ree1 Rc4 32. Qe2 Rec8 33.
Kh1 Kf7 34. Rec1 R8c7 35. Qe3 Bh6 36. g4 Ke8 37. g5 Bf8 38. Kg2 Kd8 39. Rh1 Bd6
40. Kg3 h5 41. h4 Kc8 42. Rhc1 Kb7 43. Kh3 Rc8 44. Kg3 Rd8 45. Be1 Bf8 46. Bf2
Ka7 47. Kh3 Qb7 48. Kh2 Rd5 49. Kg1 Bd6 50. Bg3 Qc7 51. Kf1 Bf8 52. Ke2 Bg7 53.
Bf2 Rd8 54. Be1 Rc8 55. Bd2 Qd7 56. Be1 Rxa4 57. Rxa4 Qxb5+ 58. c4 Qxa4 59. Qc3
Kb7 60. Ke3 b5 61. c5 Rd8 62. c6+ Kc8 63. Qc2 Bxd4+ 64. Ke2 Qxc2+ 65. Rxc2 b4
66. c7 Rd6 67. Rc4 Bb6 68. Bf2 Bxc7 69. Rc5 Kd7 70. Rb5 Rc6 71. Bc5 Bxf4 72.
Rxa5 Bc7 73. Rb5 b3 74. Bd4 e5 75. Be3 f4 76. Bd2 Rb6 77. Rxb6 Bxb6 0-1

[Event "19e tournoi d'automne"]
[Site "Montigny le Bretonneux"]
[Date "2021.10.26"]
[Round "4.2"]
[White "Fruchard, Cyrille"]
[Black "Delmont, Jean-Robert"]
[Result "1-0"]
[WhiteElo "2278"]
[BlackElo "1753"]
[Annotator "Rivier,Sylvain"]
[PlyCount "57"]
[EventDate "2021.??.??"]

{Défense sicilienne, attaque Canal-Sokolsky} 1. e4 c5 2. Nf3 d6 3. Bb5+ Bd7 4.
Bxd7+ Qxd7 5. O-O Nc6 6. b3 Nf6 7. d3 g6 8. Bb2 Bg7 9. c4 O-O 10. Nc3 e5 11.
Ne1 Nh5 12. Nc2 Nf4 13. a3 b6 14. b4 h5 15. b5 Na5 16. Ne3 h4 17. Ncd5 Nxd5 18.
Nxd5 f5 19. Bc3 Nb7 20. exf5 gxf5 21. Qh5 f4 22. Qxh4 f3 23. Rfe1 Rae8 24. Re4
fxg2 25. Rg4 Nd8 26. Re1 Ne6 27. Re3 Qf7 28. Rh3 Qf5 29. Rxg2 1-0

[Event "19e tournoi d'automne"]
[Site "Montigny le Bretonneux"]
[Date "2021.10.26"]
[Round "4.3"]
[White "Divies, Renaud"]
[Black "Forissier, Nicolas"]
[Result "1/2-1/2"]
[WhiteElo "1931"]
[BlackElo "1918"]
[Annotator "Rivier,Sylvain"]
[PlyCount "69"]
[EventDate "2021.??.??"]

{Ouverture anglaise, dÃ©fense anglo-GrÃ¼nfeld} 1. c4 Nf6 2. Nc3 c5 3. g3 Nc6 4.
Bg2 g6 5. f4 Bg7 6. Nf3 O-O 7. e4 d6 8. O-O a6 9. d3 Rb8 10. a4 e6 11. h3 Ne8
12. Be3 Nc7 13. d4 Qe7 14. dxc5 dxc5 15. e5 Rd8 16. Qe2 b6 17. Ne4 Ne8 18. Rad1
Bb7 19. g4 Rxd1 20. Rxd1 Rd8 21. g5 Bf8 22. Nh2 Na5 23. Rxd8 Qxd8 24. Ng4 Bxe4
25. Bxe4 Nb3 26. h4 h5 27. gxh6 Qxh4 28. Bf2 Nd4 29. Qd1 Qh5 30. Bxd4 cxd4 31.
Bf3 Qh3 32. Bc6 Qg3+ 33. Kh1 Qh3+ 34. Kg1 Qg3+ 35. Kh1 1/2-1/2

[Event "19e tournoi d'automne"]
[Site "Montigny le Bretonneux"]
[Date "2021.10.26"]
[Round "4.4"]
[White "Gazay, Didier"]
[Black "Gaillard, Michel"]
[Result "0-1"]
[WhiteElo "1657"]
[BlackElo "1883"]
[Annotator "Rivier,Sylvain"]
[PlyCount "55"]
[EventDate "2021.??.??"]

{Ouverture anglaise, variante Botvinnik} 1. c4 c5 2. g3 Nf6 3. Bg2 g6 4. Nc3
Nc6 5. d3 Bg7 6. e4 d6 7. Nge2 O-O 8. O-O Bg4 9. h3 Bd7 10. Be3 Ne8 11. Qd2 Nc7
12. Rac1 Ne6 13. f4 Ned4 14. Kh2 a6 15. g4 Rb8 16. Bf2 b5 17. Nxd4 Nxd4 18. Ne2
Nxe2 19. Qxe2 bxc4 20. dxc4 Rxb2 21. Rc2 Rb8 22. Qd3 Bc6 23. Rd2 Qa5 24. Bh4
Rfe8 25. Bxe7 Rxe7 26. Qxd6 Ree8 27. Re2 Rbc8 28. f5 0-1

[Event "19e tournoi d'automne"]
[Site "Montigny le Bretonneux"]
[Date "2021.10.26"]
[Round "4.5"]
[White "Romero, Michel"]
[Black "Couradin, Jean-Marie"]
[Result "0-1"]
[WhiteElo "1697"]
[BlackElo "1581"]
[Annotator "Rivier,Sylvain"]
[PlyCount "92"]
[EventDate "2021.??.??"]

{Défense Nimzo-indienne, variante Sämisch} 1. d4 Nf6 2. c4 e6 3. Nc3 Bb4 4. a3
Bxc3+ 5. bxc3 b6 6. Bg5 Ba6 7. e4 h6 8. Bxf6 Qxf6 9. Bd3 Nc6 10. Nf3 d6 11. Qa4
Bb7 12. e5 Qf4 13. d5 exd5 14. Nd4 Qxe5+ 15. Kf1 O-O 16. Re1 Qf4 17. Nxc6 Rfe8
18. Be2 a5 19. Nd4 c5 20. Nf3 dxc4 21. g3 Qf6 22. Qd1 Qxc3 23. Rg1 Qxa3 24. Nd2
b5 25. Nb1 Qb2 26. Nd2 Re6 27. Bf3 Rxe1+ 28. Qxe1 Bxf3 29. Nxf3 c3 30. Qe4 Rf8
31. Kg2 c2 32. Qe3 a4 33. Rc1 a3 34. Ne1 a2 35. Nxc2 Qxc2 36. Rxc2 a1=Q 37. Qe7
Qd4 38. Re2 b4 39. Qa7 d5 40. Re7 Qd3 41. Re5 Rd8 42. Qc7 Ra8 43. Qxc5 b3 44.
Rxd5 Qe4+ 45. Kh3 b2 46. f3 Qe6+ 0-1

[Event "19e tournoi d'automne"]
[Site "Montigny le Bretonneux"]
[Date "2021.10.26"]
[Round "4.6"]
[White "Weil, Simon"]
[Black "Brisse, Axel"]
[Result "0-1"]
[WhiteElo "1199"]
[BlackElo "1695"]
[Annotator "Rivier,Sylvain"]
[PlyCount "30"]
[EventDate "2021.??.??"]

{Défense sicilienne} 1. e4 c5 2. b3 g6 3. Bb2 Nf6 4. Bc4 d6 5. d3 Bg7 6. Ne2
O-O 7. Nbc3 Nc6 8. O-O e6 9. Ng3 a6 10. a4 d5 11. exd5 exd5 12. Nxd5 Nxd5 13.
Bxg7 Kxg7 14. Qf3 Nb6 15. Ne4 Ne5 0-1

[Event "19e tournoi d'automne"]
[Site "Montigny le Bretonneux"]
[Date "2021.10.26"]
[Round "4.7"]
[White "Carbonnet, Christophe"]
[Black "De Lagontrie, Jean"]
[Result "1/2-1/2"]
[WhiteElo "1744"]
[BlackElo "1722"]
[Annotator "Rivier,Sylvain"]
[PlyCount "81"]
[EventDate "2021.??.??"]

{Ouverture catalane, variente Sokolsky} 1. d4 d5 2. Nf3 c6 3. c4 e6 4. g3 Nf6
5. Bg2 Nbd7 6. O-O Be7 7. Nbd2 O-O 8. Qc2 b6 9. e4 dxe4 10. Nxe4 Bb7 11. Rd1
Nxe4 12. Qxe4 Nf6 13. Qc2 Rc8 14. Ne5 Qe8 15. a3 h6 16. b4 b5 17. c5 Nd5 18. h4
Ra8 19. Bd2 Bd8 20. Bf1 Bc7 21. Qe4 f5 22. Qg2 Bxe5 23. dxe5 Kh8 24. f4 h5 25.
Be2 g6 26. Kf2 a6 27. Bf3 Qd7 28. Be1 Rg8 29. Bxd5 cxd5 30. Rd4 Bc6 31. Bc3 Kh7
32. Qf1 Rgf8 33. Qd3 Ra7 34. Qd2 Raa8 35. Kg2 Ra7 36. Kh2 Raa8 37. Qg2 Ra7 38.
Bd2 Raa8 39. Be1 Ra7 40. Bd2 Raa8 41. Be1 1/2-1/2

[Event "19e tournoi d'automne"]
[Site "Montigny le Bretonneux"]
[Date "2021.10.26"]
[Round "4.8"]
[White "Kunne, Ronald"]
[Black "Cogez, Celine"]
[Result "1-0"]
[WhiteElo "1561"]
[BlackElo "1320"]
[Annotator "Rivier,Sylvain"]
[PlyCount "81"]
[EventDate "2021.??.??"]

{Défense Caro-Kann, variante d'avance} 1. e4 c6 2. d4 d5 3. e5 Bf5 4. c4 e6 5.
Nc3 Nd7 6. Nge2 Ne7 7. h4 h6 8. Ng3 Bh7 9. Be3 Nf5 10. Nxf5 Bxf5 11. g4 Bh7 12.
g5 Bf5 13. Bd3 Bxd3 14. Qxd3 dxc4 15. Qxc4 hxg5 16. Bxg5 Be7 17. Bxe7 Qxe7 18.
Ne4 O-O-O 19. Nd6+ Kb8 20. Qb3 Nb6 21. Qg3 g6 22. O-O-O Nd5 23. Rd3 Rd7 24. Rb3
Rh5 25. Rf3 Rh7 26. h5 Qd8 27. h6 Qg8 28. Ne4 Rc7 29. Ng5 Rh8 30. Qh3 c5 31.
Rxf7 cxd4+ 32. Rxc7 Nxc7 33. h7 Qd8 34. Nf7 Qd5 35. Nxh8 Qc6+ 36. Kd2 Qb5 37.
Qb3 Qxe5 38. Nxg6 Qg5+ 39. Ke1 Qxg6 40. h8=Q+ Ne8 41. Qg3+ 1-0